000 00749nam a22002417i 4500
003 URS
005 20230817142246.0
008 160406s2005 -ph||||| |||| 00| 0 eng d
040 _cURS
050 1 4 _aLB15
_bR247 2005
100 1 _aRecto, Angel S.
245 1 0 _aFoundation of Education
_bAnthropological, Psychological, Sociological, and Moral Volume I
_cAngel S. Recto
250 _aFirst edition
264 1 _aSampaloc, Manila:
_bRex Book Store,
_c2005.
300 _a300 pages:
_billustration;
_c23 cm.
336 _2rdacontent
_atext
337 _2rdamedia
_aunmediated
338 _2rdacarrier
_avolume
500 _aIncludes index
504 _aIncludes bibliographical references
650 0 _aFoundation of Education
942 _2lcc
_cF
999 _c72718
_d72717